| 000 | 00826cam a2200253 a 4500 | ||
|---|---|---|---|
| 001 | 15929602 | ||
| 005 | 20180222033533.0 | ||
| 008 | 091001s2011 nyua 001 0 eng | ||
| 010 | _a 2009040453 | ||
| 020 | _a9780073527123 (alk. paper) | ||
| 020 | _a0073527122 (alk. paper) | ||
| 035 | _a(OCoLC)ocn436027993 | ||
| 040 |
_aDLC _cDLC _dYDX _dYDXCP _dDLC |
||
| 041 | _aeng | ||
| 080 | _a657 EDM | ||
| 082 | 0 | 0 |
_a657 EDM _222 |
| 100 | 1 | _a61 | |
| 101 | _aKF | ||
| 245 | 1 | 0 |
_aFundamental financial accounting concepts / _cThomas P. Edmonds, Frances M. McNair, Philip R. Olds. |
| 740 | 0 | _aFundamental financial accounting concepts. | |
| 906 |
_a7 _bcbc _corignew _d1 _eecip _f20 _gy-gencatlg |
||
| 942 |
_2ddc _cBK |
||
| 999 |
_c43109 _d43109 |
||